[Event "Frankfurt Ch 2007"]
[Site "Ffm-Kalbach, LAZ"]
[Date "2007.06.11"]
[Round "6.63"]
[White "Ludwig, Helmut"]
[Black "Honert, Stefan"]
[Result "1/2-1/2"]
[WhiteElo "1480"]
[BlackElo "1263"]
[PlyCount "34"]
[EventDate "2007.??.??"]

1. e4 d5 2. exd5 Qxd5 3. Nc3 Qa5 4. d4 Nf6 5. Bd2 c6 6. Nf3 Bf5 7. Bc4 e6 8.
O-O Bb4 9. a3 Bxc3 10. Bxc3 Qc7 11. Bd3 Bg6 12. Ne5 Nbd7 13. f4 Nxe5 14. fxe5
Nd5 15. Qf3 O-O-O 16. Rfb1 f6 17. exf6 Rhf8 1/2-1/2

[Event "Frankfurt Ch 2007"]
[Site "Ffm-Kalbach, LAZ"]
[Date "2007.06.11"]
[Round "6.65"]
[White "Scheerer, Michael"]
[Black "Evertz, Wolfgang"]
[Result "1/2-1/2"]
[WhiteElo "1398"]
[BlackElo "1150"]
[PlyCount "48"]
[EventDate "2007.??.??"]

1. e4 e5 2. Nf3 Nc6 3. Bc4 Nf6 4. d3 h6 5. Nc3 Bb4 6. Bd2 Bxc3 7. Bxc3 d6 8. h3
Bd7 9. O-O a6 10. a4 O-O 11. Bd2 Re8 12. Re1 Be6 13. Bxe6 Rxe6 14. Re3 d5 15.
Nh2 Nh7 16. exd5 Qxd5 17. Bc3 f5 18. Qe1 Rf8 19. f4 Rfe8 20. fxe5 Nxe5 21. Qf1
Ng6 22. Rxe6 Rxe6 23. Re1 Ng5 24. Rxe6 Qxe6 1/2-1/2

[Event "Frankfurt Ch 2007"]
[Site "Ffm-Kalbach, LAZ"]
[Date "2007.06.11"]
[Round "6.67"]
[White "Breitbach, Stephan"]
[Black "Bachmann, Björn"]
[Result "0-1"]
[WhiteElo "1334"]
[BlackElo "1463"]
[PlyCount "114"]
[EventDate "2007.??.??"]

1. c4 e6 2. e3 Nf6 3. g3 d5 4. cxd5 exd5 5. d4 Be7 6. Nc3 O-O 7. Bg2 c6 8. Qc2
Nbd7 9. Nge2 Re8 10. O-O Nf8 11. Bd2 Ng6 12. a3 Bd6 13. b4 Bd7 14. Nc1 Qc8 15.
Nb3 Bf5 16. Qd1 Qc7 17. Rc1 a6 18. Nxd5 Nxd5 19. Bxd5 Qe7 20. Bg2 Be4 21. Nc5
Bxg2 22. Kxg2 Rac8 23. Qf3 Qg5 24. Kh1 b6 25. Ne4 Qd5 26. Ng5 Qxg5 27. Rxc6 Qb5
28. Rfc1 Bf8 29. Kg2 Ne7 30. R6c3 Rxc3 31. Rxc3 Qd5 32. Qxd5 Nxd5 33. Rc2 f5
34. h4 Kf7 35. Rc6 Ke7 36. a4 Kd7 37. b5 axb5 38. axb5 Rc8 39. Rxc8 Kxc8 40.
Kf3 Nc7 41. Kf4 g6 42. g4 fxg4 43. Kxg4 Bh6 44. f4 Nxb5 45. h5 Nd6 46. hxg6
hxg6 47. Kf3 Kd7 48. Bb4 Kc6 49. e4 Bg7 50. d5+ Kd7 51. e5 Ne8 52. Kg4 Nc7 53.
e6+ Nxe6 54. dxe6+ Kxe6 55. Kg5 Kf7 56. Bd2 Bf6+ 57. Kg4 b5 {ZÜ} 0-1

[Event "Frankfurt Ch 2007"]
[Site "Ffm-Kalbach, LAZ"]
[Date "2007.06.11"]
[Round "6.68"]
[White "Lehmann, Gerit"]
[Black "Kirchmann, Gerhard"]
[Result "0-1"]
[WhiteElo "1443"]
[BlackElo "1276"]
[PlyCount "108"]
[EventDate "2007.??.??"]

1. c4 c5 2. Nc3 Nc6 3. Nf3 Nf6 4. d3 d6 5. Bg5 Bg4 6. e3 e6 7. Be2 Be7 8. O-O
O-O 9. Nd2 Bxe2 10. Qxe2 a6 11. a3 h6 12. Bh4 g5 13. Bg3 e5 14. Nde4 Nxe4 15.
Nxe4 f5 16. Qh5 Kh7 17. Nxg5+ Bxg5 18. f4 exf4 19. Bxf4 Bxf4 20. Rxf4 Qg5 21.
Qf3 Rf6 22. Rf1 Raf8 23. g4 fxg4 24. Qe4+ Qg6 25. Qxg6+ Kxg6 26. Rxg4+ Kh5 27.
Rxf6 Rxf6 28. Rg7 Rg6+ 29. Rxg6 Kxg6 30. Kf2 Kf5 31. h3 h5 32. Kg3 Kg5 33. h4+
Kf5 34. b3 b6 35. e4+ Ke5 36. Kf3 Nd4+ 37. Ke3 Nxb3 38. a4 a5 39. Kf3 Nd4+ 40.
Ke3 Nc2+ 41. Kf3 Kd4 42. Kf4 Kxd3 43. Kg5 Kxe4 44. Kxh5 Kf5 45. Kh6 Kf6 46. Kh7
Ne3 47. h5 Nxc4 48. h6 Ne5 49. Kg8 Kg5 50. h7 Ng6 51. h8=Q Nxh8 52. Kxh8 Kf6
53. Kg8 Ke7 54. Kg7 c4 0-1

[Event "Frankfurt Ch 2007"]
[Site "Ffm-Kalbach, LAZ"]
[Date "2007.06.11"]
[Round "6.69"]
[White "Liebert, Monika"]
[Black "Lewien, Frank"]
[Result "0-1"]
[WhiteElo "1053"]
[BlackElo "1435"]
[PlyCount "44"]
[EventDate "2007.??.??"]

1. e4 d5 2. e5 Bf5 3. d4 e6 4. Nf3 Ne7 5. Bd3 Nd7 6. O-O c6 7. c4 Bxd3 8. Qxd3
dxc4 9. Qxc4 Nb6 10. Qd3 Nf5 11. Be3 Be7 12. Nbd2 Qd5 13. b3 O-O 14. Ne4 Rad8
15. Rad1 Nd7 16. Nfg5 Nxe5 17. Qd2 Ng4 18. f4 Ngxe3 19. Rf2 Nxd1 20. Qxd1 Qxd4
21. Qb1 Qd1+ 22. Qxd1 Rxd1+ 0-1